| 000 | 00439cam a2200169 4500 | ||
|---|---|---|---|
| 008 | 040601n2007 000 0 eng u | ||
| 020 | _a0582432324 | ||
| 035 | _a(Sirsi) u126324 | ||
| 041 | _aeng | ||
| 100 | _aBurberry, P. | ||
| 245 | _aEnvironment and services | ||
| 260 |
_aLongman _c2007 |
||
| 350 | _a23.99 | ||
| 490 | _aMitchell's Building Series | ||
| 520 | _aPrevious ed. 1997. Due for publication August 2007 | ||
| 942 | _n0 | ||
| 999 |
_c103604 _d103604 |
||